Theorie analytique du systeme du monde (Record no. 689)

MARC details
000 -LEADER
fixed length control field 00517nam a2200157Ia 4500
003 - CONTROL NUMBER IDENTIFIER
control field IN-BaIIA
008 - FIXED-LENGTH DATA ELEMENTS--GENERAL INFORMATION
fixed length control field 211028s9999 xx 000 0 eng d
040 ## - CATALOGING SOURCE
Transcribing agency IIA Library
080 ## - UNIVERSAL DECIMAL CLASSIFICATION NUMBER
Universal Decimal Classification number 521.1
Item number PON-4
100 ## - MAIN ENTRY--PERSONAL NAME
Personal name Pontecoulant, G. de
9 (RLIN) 1481
245 #0 - TITLE STATEMENT
Title Theorie analytique du systeme du monde
Remainder of title tome quatrieme (in French)
Statement of responsibility, etc. G. de Pontecoulant
260 ## - PUBLICATION, DISTRIBUTION, ETC.
Place of publication, distribution, etc. Paris
Name of publisher, distributor, etc. Bachelier
Date of publication, distribution, etc. 1846
300 ## - PHYSICAL DESCRIPTION
Extent xxviij, 664p.
650 ## - SUBJECT ADDED ENTRY--TOPICAL TERM
Topical term or geographic name entry element Astronomy and Astrophysics Thesaurus; Celestial Mechanics; Astrometry; Archives
9 (RLIN) 1482
942 ## - ADDED ENTRY ELEMENTS (KOHA)
Koha item type Books
Holdings
Withdrawn status Lost status Damaged status Not for loan Home library Current library Shelving location Date acquired Total Checkouts Full call number Barcode Date last seen Price effective from Koha item type
        IIA Library-Bangalore IIA Library-Kodaikanal General Stacks     521.1/ PON-4 712 05/11/2021   Books

Powered by Koha